Football transferts : les départs records du PSG - Statistiques

Statistiques générales
  • Ce quiz a été pris 304 fois
  • Le résultat moyen est 8 sur 15
Statistiques - réponses
Prix ( en millions d'€) Club rejoint Nationalité Joueur % Correct
90 Al-Hilal Brésil Neymar
100%
45 Al Arabi SC Italie Verratti
91%
25 Tottenham Côte d'Ivoire Aurier
66%
28,40 Tottenham Brésil Lucas
66%
40 Valence Portugal Guedes
64%
35 Chelsea Brésil Luiz
62%
19,5 Leipzig France Nkunku
53%
25 Juventus France Matuidi
52%
20 Rennes France Kalimuendo
48%
22 Real Betis Argentine Lo Celso
48%
32,25 Barcelone Brésil Ronaldinho
44%
24,7 Roma Argentine Pastore
43%
24 Bilbao Espagne Berchiche
42%
16,5 Barcelone France Digne
33%
19 Liverpool France Sakho
24%
Aucun quiz correspondant
Distribution des résultats
% des personnes avec chaque résultat
Percentile par nombre de réponses
Votre historique - résultats
Vous n’avez pas pris ce quiz